00326nam a2200121Ia 4500008004100000041000800041082001400049100001300063245003300076250001200109260005600121650002700177230711s9999||||xx |||||||||||||| ||und|| aENG a620bSM-M aCamm,F.J 0aPractical mechanics handbook a1st Ed. c1971aBombaybD. B. Taraporevala Sons & Co. Pvt.Ltd aMechanical Engineering